| 000 | 00655nam a22002297a 4500 | ||
|---|---|---|---|
| 005 | 20170124110209.0 | ||
| 010 | _a446608 | ||
| 020 | _c00.00 | ||
| 035 | _a446608 | ||
| 037 | _bCen Lib/Ret | ||
| 040 |
_aDPL _bEN |
||
| 082 |
_a332.43 _bINT |
||
| 245 |
_aIternational monetary economics / _ccompiled by Ritz Machlup |
||
| 260 |
_aLondon _bGeorge allen and unwin _c1964 |
||
| 270 |
_bLondon _aRuskin house musuem street |
||
| 300 |
_a472p. _c20cm(Hb) |
||
| 500 | _aIncludes index | ||
| 650 |
_aEconomics _937971 |
||
| 650 |
_aMonetary economics _918232 |
||
| 700 |
_aMachlup, Ritz _937942 |
||
| 942 |
_2ddc _cEN _h332.43 _mINT |
||
| 999 |
_c133435 _d133435 |
||